Reines de Saba : itinéraires textiles au Yémen = Reinas de Saba : itinerarios textiles en el Yemen / [textos y coordinación: Arnaud Maurièes, Philippe Chambon ; traducción al castellano: Dolors Forrellad] itinéraires textiles au Yémen = Reinas de Saba :
ISBN:
2-7449-0433-3
Publicado:
Clermont-Ferrand :
Édisud, Musée du tapis et des arts textiles de Clermont-Ferrand ; Terrassa : Centre de Documentació i Museu Tèxtil de Terrassa ,
2003
Descripción Física:
174 p. : il. col. ; 30 cm
Materias:
Teixits i tèxtils -- Yemen
MARC
| LEADER | 00000nam a2200000Ia 4500 | ||
|---|---|---|---|
| 001 | 21715 | ||
| 008 | 160829s2003 xx 000 0 cat d | ||
| 020 | |a 2-7449-0433-3 | ||
| 080 | |a C-3-212 | ||
| 245 | |a Reines de Saba : |b itinéraires textiles au Yémen = Reinas de Saba : |b itinerarios textiles en el Yemen / [textos y coordinación: |b Arnaud Maurièes, Philippe Chambon ; traducción al castellano: |b Dolors Forrellad] | ||
| 260 | |a Clermont-Ferrand : |b Édisud, Musée du tapis et des arts textiles de Clermont-Ferrand ; Terrassa : |b Centre de Documentació i Museu Tèxtil de Terrassa, |c 2003 | ||
| 300 | |a 174 p. : |b il. col. ; |c 30 cm | ||
| 590 | |a Text en francès i castellà. | ||
| 590 | |a Bibliografia. | ||
| 590 | |a Catàleg de l'exposició | ||
| 650 | |a Teixits i tèxtils |x Yemen |9 38306 | ||
| 700 | |a Maurièes, Arnaud, coord. |9 45781 | ||
| 700 | |a Chambon, Philippe, coord. |9 45782 | ||
| 700 | |a Forrellad i Domènech, M. Dolors |9 42618 | ||
| 710 | 2 | |a Centre de Documentació i Museu Tèxtil (Terrassa, Catalunya) |9 54995 | |
| 901 | |a Arxiu | ||
| 942 | |n 1 | ||
| 952 | |0 0 |1 0 |4 0 |6 C3212 |7 1 |9 52804 |a Arxiu |b Arxiu |d 2016-12-01 |l 0 |o C-3-212 |p 21715 |r 2016-12-01 00:00:00 |w 2016-12-01 |y ARXIU | ||
| 999 | |c 56653 |d 56653 | ||